| 000 | 00445cam a2200157ua 4500 | ||
|---|---|---|---|
| 020 | _a9788120416468 | ||
| 082 |
_a633.8 _bKUM/IN |
||
| 100 | _aKumar, N . | ||
| 245 | _aIntroduction to spices,plantation crops, medicinal and aromatic plants / | ||
| 260 |
_aNew Delhi : _bOxford & IBH Publishing company , _c1997. |
||
| 300 | _a156 ; . | ||
| 700 | 1 | _aAbdul khader, . | |
| 700 | 1 | _aIrulappan, I . | |
| 700 | 1 | _aRangaswami, P . | |
| 942 | _cBK | ||
| 999 |
_c1296 _d1296 |
||